000 00420nam a2200193Ia 4500
005 20250603144855.0
008 250603s9999 xx 000 0 und d
020 _a9780750680776
050 _aTA 705 .328/
100 _aBell, Fred G.
245 0 _aEngineering geology
250 _a2nd ed.
260 _aOxford
260 _bElsevier
260 _c2007
300 _a581 p
650 _aOxford
942 _cBK
999 _c40208
_d40208